Basic taxation law including republic act nos. 11976, 12023, 12066, and 12079 / (Record no. 98945)

MARC details
000 -LEADER
fixed length control field 00742nam a22002177a 4500
003 - CONTROL NUMBER IDENTIFIER
control field URS
005 - DATE AND TIME OF LATEST TRANSACTION
control field 20260324133444.0
008 - FIXED-LENGTH DATA ELEMENTS--GENERAL INFORMATION
fixed length control field 260225b |||||||| |||| 00| 0 eng d
020 ## - INTERNATIONAL STANDARD BOOK NUMBER
International Standard Book Number 9786210226973
040 ## - CATALOGING SOURCE
Transcribing agency URS
050 ## - LIBRARY OF CONGRESS CALL NUMBER
Classification number KPM 2789
Item number .M3119 2025
100 ## - MAIN ENTRY--PERSONAL NAME
Personal name Manahan, Catherine T.
245 ## - TITLE STATEMENT
Title Basic taxation law including republic act nos. 11976, 12023, 12066, and 12079 /
Statement of responsibility, etc Justice Catherine T. Manahan, Atty. Tanya Renee F. Rosales.
250 ## - EDITION STATEMENT
Edition statement 2025 Edition.--
264 ## - PUBLICATION, DISTRIBUTION, ETC. (IMPRINT)
Place of publication, distribution, etc Quezon City :
Name of publisher, distributor, etc Central Book Supply, Inc.,
Date of publication, distribution, etc ©2025.
300 ## - PHYSICAL DESCRIPTION
Extent xvi, 398 pages ;
Dimensions 24 cm.
504 ## - BIBLIOGRAPHY, ETC. NOTE
Bibliography, etc Includes bibliographical references.
650 ## - SUBJECT ADDED ENTRY--TOPICAL TERM
Topical term or geographic name as entry element Taxation
Form subdivision Law
Geographic subdivision Philippines.
700 ## - ADDED ENTRY--PERSONAL NAME
Personal name Rosales, Tanya Renee F.
942 ## - ADDED ENTRY ELEMENTS (KOHA)
Source of classification or shelving scheme Library of Congress Classification
Koha item type Filipiniana
Holdings
Withdrawn status Lost status Source of classification or shelving scheme Damaged status Not for loan Collection code Home library Current library Shelving location Date acquired Source of acquisition Total Checkouts Full call number Barcode Date last seen Copy number Price effective from Koha item type
    Library of Congress Classification     Non-fiction Antipolo College Library Antipolo College Library Filipiniana Section 10/23/2025 Purchased   KPM 2789 .M3119 2025 URSANT-06243 02/25/2026 1 02/25/2026 Filipiniana
    Library of Congress Classification     Non-fiction Antipolo College Library Antipolo College Library Filipiniana Section 10/23/2025 Purchased   KPM 2789 .M3119 2025 URSANT-06244 02/25/2026 2 02/25/2026 Filipiniana

University of Rizal System
Email us at univlibservices@urs.edu.ph

Visit our Website www.urs.edu.ph/library